| 000 | 00748nam a22002057a 4500 | ||
|---|---|---|---|
| 999 |
_c9057 _d9057 |
||
| 005 | 20180213144602.0 | ||
| 008 | 150206b2004 ne ||||| |||| 00| 0 spa d | ||
| 020 | _a9075909136 | ||
| 040 |
_aCo-BoIAVH _cCo-BoIAVH |
||
| 041 | _aeng | ||
| 082 | 0 | 4 |
_a363.7063 _bS39f |
| 100 | 1 | _aSchut, V.T. | |
| 242 | 1 | 0 | _aViabilidad de un programa de monitoreo para la iniciativa Escudo Guayanés |
| 245 | 1 | 0 | _aFeasibility of a monitoring programme for the Guiana shield initiative / |
| 260 |
_aAmsterdam: _bIUCN National Committee of The Netherlands; _c2004. |
||
| 300 |
_a40 páginas, _bilustraciones, _c24 cm. |
||
| 650 | 6 |
_aMonitoreo ambiental _zEscudo Guayanés |
|
| 856 | _uhttps://portals.iucn.org/library/node/8389 | ||
| 942 |
_2ddc _cLIBRO |
||